LEADER 01366nam a2200301 i 4500 001 000000190918 003 CaOOAMICUS 005 20150910000000.0 008 150910s1937 it u000 u ita u 013 $a169392 040 $aSeMil$bita 100 1 $aTasso, Torquato,$d<1544-1595>.$0(OLS)http://semarc/name/1240 245 10$aGerusalemme liberata (ridotta) /$cTorquato Tasso ; con introduzione e commento di Giovanni Ziccardi. 246 04$iTitolo in copertina:$aPassi scelti della Gerusalemme liberata 260 $aTorino [etc.] :$bParavia,$c1937. 300 $a426 p., [14] p. di tav. ;$c20 cm. 490 0 $aBiblioteca di classici italiani 500 $aFondo card. Giovanni Colombo. 650 4$aTasso, Torquato <1544-1595> . Gerusalemme liberata.$0(OLS)http://semarc/subject/3959 700 1 $aZiccardi, Giovanni.$0(OLS)http://semarc/name/69779 830 0$aBiblioteca di classici italiani.$0(OLS)http://semarc/title/9081 850 $aSeMil 852 $aSeMil$W1$xVenegono$y1$m3GC I 488$j141532$B141532$CSeMilBibl$Z2$F153092 $8B 941 1 $a3 961 $aLascito: Colombo Card. Giovanni 996 $6245$aGerusalemme liberata (ridotta)$9(OLS)http://semarc/title/275092 996 $6246$aPassi scelti della Gerusalemme liberata$9(OLS)http://semarc/title/275093 996 $6260$aTorino [etc.] :$bParavia$9(OLS)http://semarc/publisher/34343 LEADER 00889nam a2200229 i 4500 001 000000122749 003 CaOOAMICUS 005 20240408143117.0 008 040210s1978 it u000 u ita u 013 $a95444 040 $aSeMil$bita 100 1 $aGarcía Lorca, Federico <1898-1936>.$0(OLS)http://semarc/name/8121 245 10$aAntologia poetica /$cFederico García Lorca ; introduzione e traduzione di Carlo Bo. 260 $aMilano :$bGuanda,$ccopyr. 1978. 300 $a299 p. ;$c23 cm. 700 1 $aBo, Carlo,$d<1911-2001>.$0(OLS)http://semarc/name/7656 850 $aSeMil 852 $aSeMil$W1$xVenegono$y1$m177 12 *$j77664$B77664$CSeMilBibl$Z2$F80079 $81 961 $aRecupero: Biblioteca Seminario Liceale 996 $6245$aAntologia poetica$9(OLS)http://semarc/title/180753 996 $6260$aMilano :$bGuanda$9(OLS)http://semarc/publisher/34021